Vzdelávanie: ako zabezpečiť jeho efektívnosť
Procesné kroky podnikových programov vzdelávania. Motivácia pracovníkov a návrhy rozvojového programu vzdelávania. Realizácia a efektivita vzdelávacieho procesu. Vedomosti, zručnosti a skúsenosti zamestnancov.
Gespeichert in:
| 1. Verfasser: | |
|---|---|
| Format: | Buchkapitel |
| Sprache: | Slowakisch |
| Schlagworte: | |
| Tags: |
Keine Tags, Fügen Sie das erste Tag hinzu!
|
MARC
| LEADER | 00000naa a2200000 4500 | ||
|---|---|---|---|
| 001 | 0117803 | ||
| 005 | 20231116120908.7 | ||
| 041 | 0 | |a slo | |
| 044 | |a SK | ||
| 245 | 1 | 0 | |a Vzdelávanie: ako zabezpečiť jeho efektívnosť |c Ivan Burger |
| 520 | |a Procesné kroky podnikových programov vzdelávania. Motivácia pracovníkov a návrhy rozvojového programu vzdelávania. Realizácia a efektivita vzdelávacieho procesu. Vedomosti, zručnosti a skúsenosti zamestnancov. | ||
| 610 | 2 | 0 | |a rozvoj pracovníkov |
| 610 | 2 | 0 | |a vzdelávanie dospelých |
| 610 | 2 | 0 | |a vzdelávanie ďalšie |
| 610 | 2 | 0 | |a zvyšovanie kvalifikácie |
| 610 | 2 | 0 | |a zručnosti |
| 610 | 2 | 0 | |a učiaca sa organizácia |
| 610 | 2 | 0 | |a efektívnosť vzdelávania |
| 100 | 1 | |a Burger, Ivan | |